[Event "67th RUS-ch Superfinal Women 2017"]
[Site "St. Petersburg"]
[Date "2017.12.07"]
[Round "5"]
[White "Gunina, Valentina"]
[Black "Goryachkina, Aleksandra"]
[Result "1-0"]
[WhiteElo "2510"]
[BlackElo "2486"]
[Annotator "TA"]
[PlyCount "143"]
[EventDate "2017.??.??"]
[EventType "tourn"]
[EventCountry "RUS"]
[SourceTitle "playchess.com"]
[Source "ChessBase"]
[SourceQuality "1"]

{[%evp 19,143,30,42,26,52,41,83,79,99,95,114,110,116,125,122,122,118,106,131,105,102,83,112,82,90,101,135,138,173,160,171,166,170,143,150,156,137,118,109,113,126,114,99,27,34,35,50,0,0,0,149,168,118,105,99,97,119,94,197,197,229,166,161,74,82,77,128,44,35,46,64,73,72,0,137,122,138,138,138,138,138,124,111,115,123,57,57,0,131,85,150,97,114,56,132,81,85,81,172,63,63,63,55,8,8,8,8,8,8,0,146,15,15,15,162,162,162,162,6093,6093,5575,5683,5629,5604,5595,4614]} 1. e4 c5 2. Nf3 d6 3. d4 cxd4 4. Nxd4 Nf6 5. Nc3 a6 6. h3 e5 7. Nde2 h5 {B90: Sicilian Najdorf: Unusual White 6th moves, 6 Be3 Ng4 and 6 Be3 e5} 8. g3 b5 (8... Nbd7 9. Bg2 b5 10. Nd5 Nxd5 11. Qxd5 Qc7 12. Be3 Bb7 13. Qd2 Rc8 14. Nc3 Nb6 15. Bxb6 Qxb6 {½-½ (33) Nakamura,H (2792)-Vachier Lagrave,M (2791) Saint Louis 2017}) 9. Nd5 Nxd5 10. Qxd5 Ra7 {LiveBook: 3 Games} 11. Be3 Be6 $146 ({Predecessor:} 11... Rd7 12. Bg2 Bb7 13. Qb3 d5 14. exd5 Bxd5 15. Bxd5 Rxd5 {1-0 (32) Zhang,X (2364)-Zhao,S (1856) Wuxi 2015}) 12. Qd2 Rd7 13. Nc3 $1 h4 14. g4 d5 15. Nxd5 Bxd5 16. exd5 Rxd5 17. Qc3 $1 Be7 18. Bg2 b4 19. Qc4 Rd7 20. O-O O-O 21. Rae1 Rc7 22. Qe4 Nd7 23. Rd1 Bc5 24. Bxc5 $1 Rxc5 25. Qxb4 {Strongly threatening Rxd7!} Qb6 26. a3 a5 27. Qd2 Nf6 28. Qe3 Rfc8 29. b3 Qc7 30. c4 a4 31. Rb1 (31. b4 $16 Rxc4 32. Rfe1) 31... axb3 $11 32. Rxb3 Rxc4 33. g5 Nh5 $1 34. Bd5 $36 {[%mdl 2048] Black is under pressure.} Nf4 (34... Rc3 $11 35. Rb7 Qxb7 36. Bxb7 Rxe3 37. fxe3 Rc5) 35. Bxc4 $16 Qxc4 36. Re1 g6 37. Qf3 Qd4 38. Rd1 Qc4 (38... Nxh3+ $16 {might work better.} 39. Kg2 Nf4+ 40. Kh2 Qc4) 39. Re3 $1 $18 Qb5 40. Rde1 Rc5 41. Rb3 (41. Qg4 $18 {is more deadly.}) 41... Qa5 $16 42. Rd1 Kg7 (42... Rc2 $142) 43. Kh2 (43. Qe4 $16) 43... Rc2 $14 44. Re3 Qb5 45. Kg1 Rc5 46. Rb3 (46. Re4 $142) 46... Qa5 $1 $16 47. Qe4 $1 Qa6 48. Kh2 Qe6 49. Re3 Qb6 50. Rb1 Qd8 {[#]} 51. Rg1 $1 Qd2 52. Rf1 (52. Rf3 $16) 52... Qd8 $14 53. Rg1 (53. Rc3 $1 $14 Ra5 54. Rg1) 53... Qd2 $16 54. Qf3 Rc2 (54... Qb2 $142) 55. Rf1 (55. Rxe5 $142 {Rf1 is the strong threat.} Qxf2+ 56. Qxf2 Rxf2+ 57. Kh1) 55... Qd6 56. a4 (56. Qe4 $16 Rc5 57. Rg1) 56... Qc7 (56... Nd5 $14 57. Re4 Rc3) 57. Kg1 (57. Qe4 $142) 57... Rc5 58. Rfe1 Qa5 (58... Qd7 $16 {is a better defense.}) 59. Ra1 (59. Kh2 $18) 59... Rc4 $14 60. Kh2 Rc2 61. Rae1 Qxa4 62. Rxe5 Qd4 63. R5e3 {Threatening Rd1.} Ne6 $1 64. Rd1 Qb2 {[#]} (64... Rxf2+ $1 $11 65. Qxf2 Qxd1) 65. Kg1 ({Only move:} 65. Kg2 $1 $16 Nxg5 66. Qf4 Qb7+ 67. Kg1) 65... Nxg5 $11 66. Qf4 Qf6 (66... Rc1 $1 $11 67. Rxc1 Qxc1+ 68. Kh2 Qc5) 67. Qxf6+ $18 Kxf6 68. Rd4 Re2 $2 (68... Ne6 69. Rxh4 Rc1+ 70. Kh2 Rc2) 69. Rd6+ {White is clearly winning.} Kf5 70. Rxe2 Nxh3+ 71. Kh2 Nf4 72. Ra2 {Precision: White = 52%, Black = 58%.} 1-0

[Event "67th RUS-ch Superfinal Women 2017"]
[Site "St. Petersburg"]
[Date "2017.12.07"]
[Round "5"]
[White "Kashlinskaya, Alina"]
[Black "Kovalevskaya, Ekaterina"]
[Result "0-1"]
[WhiteElo "2452"]
[BlackElo "2405"]
[Annotator "TA"]
[PlyCount "58"]
[EventDate "2017.??.??"]
[EventType "tourn"]
[EventCountry "RUS"]
[SourceTitle "playchess.com"]
[Source "ChessBase"]
[SourceQuality "1"]

{[%evp 20,58,23,17,39,42,37,25,39,39,52,41,45,0,0,-177,-189,-522,-506,-490,-481,-577,-578,-630,-618,-740,-641,-928,-1089,-1050,-1007,-1037,-994,-1477,-1460,-1819,-1821,-1772,-1655,-29986,-29987]} 1. d4 Nf6 2. c4 e6 3. Nc3 Bb4 4. Qc2 Nc6 5. Nf3 d6 6. Bd2 O-O 7. a3 Bxc3 8. Bxc3 Qe7 9. e3 e5 10. d5 {E33: Nimzoindisch (4.Dc2)} Nb8 {[%cal Bc6b8,Bb8d7,Bd7c5][%mdl 32]} 11. Nd2 {LiveBook: 29 Partien} b5 $146 ({Vorgänger:} 11... a5 12. b3 Nbd7 13. Be2 b5 14. e4 bxc4 15. Nxc4 Nc5 16. Nd2 Ba6 17. Bxa6 Rxa6 {1-0 (61) Wojtaszek,R (2727)-Tregubov,P (2582) Gibraltar 2016}) 12. Rd1 {Weiß steht etwas besser.} Nbd7 13. e4 bxc4 14. Nxc4 Nc5 15. f3 Bd7 16. b3 (16. Nxe5 $5 Ba4 17. Nc6 $14) 16... Nh5 $1 17. Rb1 $2 {[#]} (17. Bb4 $11) 17... f5 $19 {[%cal Bf7f5,Bf5e4][%mdl 32]} 18. Be2 $2 (18. b4 {war die entscheidende Verteidigung.} Na4 19. g3) 18... Qh4+ 19. Kd1 {Weiss hofft, mit Sxe5 fortzusetzen.} fxe4 20. Ne3 {[#]} Ng3 $1 {[%mdl 512]} 21. Re1 (21. hxg3 Qxh1+) 21... Nxe2 22. Rxe2 Bb5 23. Nc4 exf3 24. gxf3 Rxf3 25. Be1 Qh5 26. a4 Bd7 27. Nxe5 Bf5 28. Qc4 Bxb1 29. Nxf3 Qxf3 {Precision: Weiß = 35%, Schwarz = 74%.} 0-1

[Event "67th RUS-ch Superfinal Women 2017"]
[Site "St. Petersburg"]
[Date "2017.12.07"]
[Round "5"]
[White "Galliamova, Alisa"]
[Black "Girya, Olga"]
[Result "0-1"]
[WhiteElo "2443"]
[BlackElo "2484"]
[Annotator "TA"]
[PlyCount "168"]
[EventDate "2017.??.??"]
[EventType "tourn"]
[EventCountry "RUS"]
[SourceTitle "playchess.com"]
[Source "ChessBase"]
[SourceQuality "1"]

{[%evp 15,168,-6,0,-4,16,5,23,19,20,10,8,8,13,10,14,16,26,20,35,11,35,0,28,27,26,4,19,0,0,0,0,0,0,0,0,0,0,0,0,0,0,-12,0,0,0,0,0,0,0,0,0,-9,0,0,0,-87,-11,-16,-8,-104,-106,-221,-194,-176,-172,-174,-167,-227,-224,-220,-205,-197,-218,-246,-149,-145,-145,-145,-144,-170,-165,-177,-166,-162,-175,-167,0,0,0,0,0,-99,-87,-104,-86,-81,-79,-101,-80,-89,-72,-127,-115,-125,-115,-169,-120,-123,0,-133,0,-108,-114,-104,-108,-93,-82,-95,-95,-122,-73,-127,-124,-140,-35,-30,-8,-8,0,-31,-8,-9,0,0,0,-2,-6,-8,-8,-8,-8,-8,-8,-87,-90,-284,-262,-842,-828,-810,-769,-1478,-1231,-822,-789]} 1. d4 Nf6 2. c4 e6 3. Nc3 Bb4 4. Qb3 c5 5. dxc5 Nc6 6. Bg5 h6 7. Bxf6 {E23: Nimzo-Indian: 4 Qb3 c5 5 dxc5 Nc6} Qxf6 8. Nf3 Bxc5 {LiveBook: 5 Games} 9. Ne4 {The position is equal.} (9. e3 b6 10. Bd3 Bb7 11. Ne4 Bb4+ 12. Ke2 Qe7 13. a3 Bc5 14. Nxc5 Qxc5 {½-½ (31) Zhou,J (2620)-Bu,X (2723) Wuxi 2016}) 9... Bb4+ (9... Qe7 {feels hotter.} 10. Nxc5 Qxc5 11. Qc3 O-O 12. e3 b6) 10. Qxb4 $1 Nxb4 11. Nxf6+ gxf6 12. Kd2 b6 13. e3 Bb7 14. Be2 {[#]} Rg8 $146 ({Predecessor:} 14... Ke7) 15. g3 Rc8 16. Rhc1 Ke7 17. Nd4 Nc6 18. Rc3 f5 19. Ra3 Ra8 20. Bf3 (20. Nb5 {seems wilder.} Rgc8 21. Rc1 d6 22. Bf3 a6 23. Nd4) 20... Nd8 21. Bxb7 Nxb7 22. Rc1 Rgc8 23. Rac3 Nc5 {...Ne4+ is the strong threat.} 24. Ke2 $1 a5 25. b3 Ne4 26. R3c2 Rc5 27. f3 Nd6 28. Kd3 Rac8 29. Ne2 R5c6 30. Nd4 Rc5 31. Ne2 R5c6 32. Nf4 Nb7 33. Ke2 d5 34. Nd3 b5 {[%cal Rd5c4,Bb6b5,Bb5b4][%mdl 32]} 35. Ne5 (35. c5 $11) 35... Rc5 (35... R6c7 $17) 36. Nd3 $11 R5c7 {[%cal Rb5c4]} 37. Nb2 {[#]} (37. c5 $11) 37... a4 $1 $17 {[%mdl 512]} 38. Rc3 (38. Nd3 $17 {might work better.}) (38. bxa4 bxc4) 38... b4 39. R3c2 axb3 40. axb3 Na5 41. Ra1 (41. Rb1 $142) 41... Nxb3 $19 42. Ra4 Rb7 $1 43. Kd1 dxc4 44. Rxc4 Rd7+ 45. Ke1 Rxc4 46. Nxc4 $17 {[%mdl 4096] Endgame KRN-KRN} Nc5 47. Ra5 Nd3+ $1 48. Ke2 Nc1+ $1 49. Ke1 Rc7 50. Nd2 Rb7 $2 ({Black should try} 50... b3 $19 {Hoping for ...Rb7.} 51. Rb5 b2 $1 {[%mdl 512]}) 51. Kd1 $1 $11 {[%cal Rd1c1]} Nd3 52. Ke2 $1 {[%cal Re2d3]} Rd7 {aiming for ...Nc1+.} 53. Rb5 (53. Nc4 $1 $11 {remains equal.}) 53... Nc1+ $1 $17 54. Ke1 Na2 55. Nc4 f6 56. Nb2 e5 57. Rb8 Ke6 58. Rb6+ (58. Re8+ $142 Kd5 59. Rb8) 58... Rd6 59. Rb8 h5 60. Re8+ (60. Rb5 $17) 60... Kf7 61. Rb8 Ke6 62. Re8+ $1 Kf7 63. Rb8 Kg6 64. Rg8+ Kh7 65. Rb8 Kg7 66. Rb7+ Kg6 67. Rb8 {[#]} f4 $1 {[%mdl 512]} 68. gxf4 (68. exf4 $142 exf4 69. gxf4) 68... exf4 69. e4 {[#]} Rd4 (69... Kg5 $1 $17 70. Nc4 Rc6) 70. Rb6 $15 Kg5 71. Rb5+ Kg6 72. Rb6 Kf7 73. Rb5 Nc3 74. Rxh5 Kg7 75. Rc5 Rd7 76. Rc4 Na2 77. Rc6 Rb7 78. Rc4 b3 79. Kd2 {[#]} (79. Rc8 $11) 79... Kg6 $1 $17 {And now ...Rh7 would win.} 80. Rc5 $2 (80. h3 $17 {was worth a try.}) 80... Rh7 $19 81. Nd3 $2 (81. Nc4) 81... Rxh2+ {Black is clearly winning.} 82. Ke1 b2 83. Nxb2 Rxb2 84. e5 Nb4 {Precision: White = 50%, Black = 67%.} 0-1

[Event "67th RUS-ch Superfinal Women 2017"]
[Site "St. Petersburg"]
[Date "2017.12.07"]
[Round "5"]
[White "Bodnaruk, Anastasia"]
[Black "Pogonina, Natalija"]
[Result "1-0"]
[WhiteElo "2428"]
[BlackElo "2469"]
[Annotator "TA"]
[PlyCount "117"]
[EventDate "2017.??.??"]
[EventType "tourn"]
[EventCountry "RUS"]
[SourceTitle "playchess.com"]
[Source "ChessBase"]
[SourceQuality "1"]

{[%evp 18,117,28,28,57,47,63,51,95,82,100,96,116,119,245,250,235,231,249,140,140,167,202,202,202,202,194,189,196,185,192,194,203,208,217,207,304,291,291,279,359,354,343,214,194,190,288,283,282,257,568,323,309,245,270,266,316,319,312,316,313,309,302,305,356,353,354,313,313,313,313,313,313,313,314,289,313,309,346,339,339,323,324,287,313,308,315,300,329,329,327,316,314,316,314,305,412,449,421,411,887,833]} 1. e4 e5 2. Nf3 Nc6 3. d4 exd4 4. Nxd4 Bc5 5. Nb3 Bb6 6. Nc3 Nf6 7. Bg5 h6 8. Bh4 d6 {C45: Scotch Game} 9. f3 Be6 10. Bb5 {LiveBook: 4 Games} a6 {White has an edge.} 11. Bxc6+ bxc6 12. Qe2 Qb8 $146 ({Predecessor:} 12... g5 13. Bf2 Bxf2+ 14. Qxf2 Qe7 15. O-O-O a5 16. Nd4 Bd7 17. h4 g4 18. Nf5 Qe5 19. f4 Nxe4 20. Nxd6+ Qxd6 21. Nxe4 Qe7 22. Qd4 {1-0 (22) Giri,A (2782)-Fressinet,L (2687) Paris 2016}) 13. Bxf6 $1 gxf6 14. O-O-O Ba7 15. Rhe1 Qb4 {[#]} (15... h5 $16 {was called for.}) 16. Nd5 $1 $18 {[%cal Rd5b4][%mdl 512]} cxd5 17. exd5 Qb5 {intending ...Qxe2.} 18. dxe6 (18. Qe4 $18) 18... Qxe2 $16 19. Rxe2 fxe6 20. Rxe6+ Kf7 21. Rde1 Bb6 22. Re7+ Kg6 23. a4 a5 24. Nd2 d5 25. f4 Kf5 26. Nf3 {Hoping for Rg7.} Kxf4 (26... Rhg8 $142 27. g3 Kg4) 27. Rf1 $18 {Nd4+ would kill now.} Rhg8 28. Nd4+ Kg4 29. Nf5 Kh5 30. Ng7+ Kg6 31. Rf3 {Intending Rg3+ and mate.} f5 (31... Bc5 $142 32. Rxc7 Bd6) 32. Nxf5 Rae8 33. Rd7 Re1+ 34. Kd2 Rge8 35. Rxd5 R1e4 36. b3 R8e5 37. Rxe5 Rxe5 {[%mdl 4096] Endgame KRB-KRN} 38. Ne3 Bc5 39. Rg3+ Kf7 40. Kd3 h5 41. Nc4 Rd5+ 42. Ke4 Rd4+ 43. Kf3 Rd5 44. Ke2 ({Weaker is} 44. Nxa5 Bd6 $16) 44... Be7 45. Rd3 Rg5 46. Kf3 Ke6 47. g3 c6 48. h3 Rf5+ 49. Kg2 Rg5 50. Ne3 Bd6 51. g4 Bc7 52. Kf3 Rg8 53. Nf5 hxg4+ 54. hxg4 Be5 55. Rd2 Rb8 56. Re2 c5 57. Ne7 Rf8+ {[#]} 58. Kg2 $1 Rf4 {[#]} (58... Kxe7 $142 59. Rxe5+ Kd6) 59. Rxe5+ $1 {Precision: White = 89%, Black = 49%.} 1-0

[Event "67th RUS-ch Superfinal Women 2017"]
[Site "St. Petersburg"]
[Date "2017.12.07"]
[Round "5"]
[White "Nechaeva, Marina"]
[Black "Ovod, Evgenija"]
[Result "1/2-1/2"]
[WhiteElo "2424"]
[BlackElo "2364"]
[Annotator "TA"]
[PlyCount "81"]
[EventDate "2017.??.??"]
[EventType "tourn"]
[EventCountry "RUS"]
[SourceTitle "playchess.com"]
[Source "ChessBase"]
[SourceQuality "1"]

{[%evp 14,81,0,0,59,43,44,24,37,38,54,45,44,10,16,0,9,0,0,0,0,0,0,0,14,0,0,-24,0,-2,0,0,0,-23,-1,-37,-35,-36,-44,-39,-39,-40,-29,-39,-45,-38,-35,-57,-44,-43,-39,-41,0,-35,0,0,-5,-31,-29,-31,0,0,0,-14,8,8,2,0,0,0]} 1. d4 d5 2. c4 e6 3. Nc3 Nf6 4. Bf4 c5 5. e3 cxd4 6. exd4 dxc4 7. Bxc4 Nc6 8. Nf3 Nb4 {D40: Damengambit (Verbesserte Tarrasch-Verteidigung)} ({Besser ist} 8... Bd6 $11 9. Be5 O-O) (8... Bd6 9. Ne5 Bxe5 10. dxe5 Qxd1+ 11. Rxd1 Nd7 12. Bb5 O-O 13. Bxc6 bxc6 14. Ne4 c5 15. f3 c4 16. Kf2 {0-1 (45) Ivanchuk,V (2741)-Inarkiev,E (2669) Astrakhan 2010}) 9. O-O Be7 10. Re1 $146 ({Vorgänger:} 10. Rc1 O-O 11. Qb3 b6 12. Bg5 Nc6 13. Bb5 Na5 14. Qa4 a6 15. Bd3 Bb7 16. Ne5 Nd5 17. Bxe7 Nxe7 {1-0 (63) Lylov,I (2303)-Kopylov,I (1756) Zhukovsky 2010}) 10... O-O {Weiß hat minimalen Vorteil.} 11. Ne5 Nbd5 12. Bg5 h6 13. Bd2 (13. Bh4 {with more complications.} Nb4 14. Bg3 Bd7 15. Bb3 Nbd5 16. Qf3) 13... Qb6 14. Nf3 {[#] Schwarz muss nun Lxd5 beachten.} Rd8 15. Bb3 Bf8 16. Na4 Qd6 17. Ne5 b6 18. Qf3 Bb7 19. Rad1 Rac8 20. Qh3 Rc7 21. a3 Rdc8 22. Ba2 Bc6 23. Nxc6 Rxc6 24. Bb1 Rc4 $36 {[%mdl 2048] Schwarz hat Druck.} 25. Nc3 Nxc3 ({Viel schlechter ist} 25... Rxd4 $6 26. Nb5 $16) 26. Bxc3 Nd5 {[%cal Rd5c3]} 27. Qd3 {[%csl Gb1][%cal Rd3h7] [#]} g6 {[%cal Rd5c3]} 28. Bd2 Bg7 29. Be3 h5 30. h3 a5 31. Qe2 R4c7 32. Bg5 Ne7 33. Qe4 {Mit der Idee Lf4.} Rc4 34. Ba2 Rc2 35. Re2 Rxe2 36. Qxe2 Nf5 37. d5 {[%cal Rd5e6] Die Stellung ist ausgeglichen.} e5 38. Rc1 Rc5 39. Rxc5 Qxc5 40. Qd3 Kf8 41. g4 {Precision: Weiß = 45%, Schwarz = 56%.} 1/2-1/2

[Event "67th RUS-ch Superfinal Women 2017"]
[Site "St. Petersburg"]
[Date "2017.12.07"]
[Round "5"]
[White "Gritsayeva, Oksana"]
[Black "Shuvalova, Polina"]
[Result "1-0"]
[WhiteElo "2373"]
[BlackElo "2385"]
[Annotator "TA"]
[PlyCount "141"]
[EventDate "2017.??.??"]
[EventType "tourn"]
[EventCountry "RUS"]
[SourceTitle "playchess.com"]
[Source "ChessBase"]
[SourceQuality "1"]

{[%evp 22,141,16,0,0,-17,0,0,0,0,0,0,32,-8,43,37,107,69,63,65,108,108,120,112,331,321,377,115,371,130,114,78,179,179,190,121,217,213,220,216,191,210,203,158,169,102,113,113,121,126,111,113,119,110,164,96,99,89,90,54,54,52,37,33,47,41,49,45,64,25,49,45,45,35,38,41,46,46,71,29,68,64,104,53,81,36,36,36,100,61,122,101,117,131,143,64,226,202,255,258,252,243,353,320,313,313,350,346,400,384,420,404,519,526,553,541,589,584,810,756,731,722]} 1. e4 c5 2. Nf3 Nc6 3. Bb5 g6 4. Bxc6 bxc6 5. O-O Bg7 6. Re1 Nh6 7. c3 O-O 8. d4 cxd4 9. cxd4 d5 10. e5 {B31: Sicilian: 2...Nc6 3 Bb5 g6} f6 11. e6 (11. exf6 exf6 12. Nbd2 Re8 13. Nb3 Nf7 14. Nc5 Bg4 15. Rxe8+ Qxe8 16. h3 Bxf3 17. Qxf3 Qe1+ {0-1 (51) Inarkiev,E (2730)-Gelfand,B (2734) Magas 2016}) 11... Nf5 12. Nc3 {LiveBook: 3 Games. The position is equal.} Qd6 13. Qe2 Qb4 14. Qd1 Qd6 15. Qe2 Qb4 16. Qd1 Nd6 17. Qa4 Qb6 ({Black should play} 17... Qxa4 $11 18. Nxa4 Ne4) 18. Bf4 $36 {[%mdl 2048] White is more active.} Ba6 $146 (18... Ne4 $14) ({Predecessor:} 18... Nc4 19. Rab1 g5 20. b3 Na5 21. Bd2 Nb7 {½-½ (31) Osmak,I (2246)-Gaponenko,I (2381) Lvov 2014}) 19. Rac1 {Threatens to win with Bxd6.} Nc4 20. Rb1 Rfd8 21. Qc2 Qa5 22. Na4 Bb7 $2 (22... Nd6 $16 {was necessary.}) 23. Nc5 $18 Qb6 24. Qc3 $2 (24. h4 $18 {is the precise move to win.}) 24... a5 $2 {[%mdl 8192]} (24... Nd6 $16) 25. b3 $2 (25. Qb3 $1 $18) 25... Nd6 $16 26. Rbc1 Nb5 (26... Ne4 $16 27. Nxe4 dxe4 28. Rxe4 a4) 27. Qd3 $18 Ba6 28. Qd2 (28. Nd7 $18 Qb7 29. Qd2) 28... Bc8 (28... Nd6 $16) 29. h4 Nd6 30. Qc2 Ne4 {[#]} 31. Na4 $1 {[%cal Ra4b6]} ({Much less strong is} 31. Nxe4 $6 dxe4 32. Qxe4 (32. Rxe4 Bb7 $16) 32... Rd5 $16) 31... Qb4 32. Qxc6 Bb7 {[#]} 33. Qb6 (33. Qc7 $1 $18 Rac8 34. Qb6) 33... Qxb6 34. Nxb6 {Black must now prevent Rc7.} Ra6 35. Bc7 Re8 36. Rc2 Bh6 37. g3 Nd6 (37... Bg7 $16 {might work better.}) 38. Bxd6 (38. Nd7 $18) 38... Rxb6 $16 39. Bc5 Rc6 40. Nh2 Bc8 41. Ng4 Bg7 42. Rce2 Ba6 43. Re3 f5 44. Nh2 Bf6 45. Kg2 Ra8 46. Kh3 Bc8 47. f4 Raa6 48. Nf3 Rxe6 49. Rxe6 Bxe6 50. Kg2 h5 51. Kf2 Kf7 52. Rc1 (52. Ng5+ $16 Bxg5 53. hxg5 (53. fxg5 Ra8 $14)) 52... a4 53. b4 Bd7 $1 54. Nd2 Re6 (54... Bb5 $1 $14) 55. Re1 Rc6 (55... Bc6 $14) 56. Nb1 Ke8 57. Ke3 e6 58. Kd2 (58. Nc3 $16) 58... Rc7 $2 (58... Ra6 $14) 59. Nc3 $18 {Strongly threatening Nxd5.} Rb7 60. Nxd5 $1 Kf7 61. Nc3 Be7 (61... Rb8 $142 62. Rb1 Bd8) 62. a3 Bd8 63. Kd3 Bc7 64. Kc4 Bd8 65. Rb1 Bc7 66. b5 g5 67. hxg5 {White is clearly winning.} h4 68. gxh4 Bxf4 69. Nxa4 e5 70. Nb6 Be8 71. a4 {Precision: White = 54%, Black = 37%.} 1-0

[Event "67th RUS-ch Superfinal Women 2017"]
[Site "St. Petersburg"]
[Date "2017.12.09"]
[Round "6"]
[White "Goryachkina, Aleksandra"]
[Black "Gritsayeva, Oksana"]
[Result "1-0"]
[WhiteElo "2486"]
[BlackElo "2373"]
[Annotator "TA"]
[PlyCount "61"]
[EventDate "2017.??.??"]
[EventType "tourn"]
[EventCountry "RUS"]
[SourceTitle "playchess.com"]
[Source "ChessBase"]
[SourceQuality "1"]

{[%evp 13,61,20,31,29,36,37,36,28,28,25,33,25,52,48,51,56,229,222,282,282,282,282,282,281,282,282,282,279,277,282,279,271,453,446,595,593,596,493,439,336,782,770,747,728,29982,29980,29990,29991,29997,29993]} 1. e4 d6 2. d4 Nf6 3. Nc3 e5 4. Nf3 exd4 5. Qxd4 Nc6 6. Bb5 Bd7 7. Bxc6 Bxc6 8. Bf4 {C62: Ruy Lopez: Steinitz Defence} (8. Bg5 Be7 9. O-O-O O-O 10. Rhe1 Re8 11. Qd2 Qd7 12. Nd4 h6 13. Bf4 Ng4 14. Nf5 Bf8 15. f3 Ne5 16. Qf2 b5 17. g4 b4 18. Ne2 a5 {0-1 (48) Sandipan,C (2579)-Bu,X (2714) Beijing 2008}) 8... Be7 9. O-O-O O-O 10. Qd3 {White is slightly better.} Ng4 11. Qe2 Bf6 $146 ({Predecessor:} 11... Qe8 12. h3 Ne5 13. Nd4 Ng6 14. Be3 Bf6 15. h4 a6 {½-½ (34) Becker,J (2101)-Siebert,V (2113) Eppelborn 2008}) 12. Nd4 Ne5 13. h4 Re8 14. g4 Bxh4 $2 (14... Ng6 $14 15. Bg3 Bxd4 16. Rxd4 Qf6) 15. Bxe5 $18 Bg5+ 16. f4 dxe5 17. Nxc6 Bxf4+ 18. Kb1 Qc8 19. Nb4 {[%cal Bc6b4,Bb4d3,Bd3e5,Be5d7][%mdl 32]} c6 20. Nd3 Bg5 21. Qh2 h6 22. Nxe5 Bf6 $2 (22... Qc7) 23. Nd7 Bxc3 24. bxc3 Qd8 25. e5 {Nf6+! is the strong threat.} Qg5 26. Qh5 Qe3 $2 (26... Qxh5 27. Rxh5 Kh7) 27. Rd3 Qf4 {[#]} 28. g5 $1 Re6 {[#]} (28... Qxg5 29. Qxg5) 29. Nf6+ $1 {[%mdl 512] White mates.} Kh8 (29... gxf6 30. Qxh6) 30. Qxf7 Qf5 31. Rd7 {Precision: White = 80%, Black = 39%.} 1-0

[Event "67th RUS-ch Superfinal Women 2017"]
[Site "St. Petersburg"]
[Date "2017.12.09"]
[Round "6"]
[White "Girya, Olga"]
[Black "Gunina, Valentina"]
[Result "1/2-1/2"]
[WhiteElo "2484"]
[BlackElo "2510"]
[Annotator "TA"]
[PlyCount "66"]
[EventDate "2017.??.??"]
[EventType "tourn"]
[EventCountry "RUS"]
[SourceTitle "playchess.com"]
[Source "ChessBase"]
[SourceQuality "1"]

{[%evp 20,66,17,27,21,28,17,16,40,31,40,36,39,-19,-27,-31,-18,-31,-31,-31,-40,-16,-15,-139,-141,-248,-247,-227,-242,-186,-171,-165,-168,-185,-175,-173,-86,-91,0,0,0,0,0,0,0,0,0,0,0]} 1. d4 Nf6 2. c4 e6 3. Nc3 Bb4 4. Qc2 O-O 5. a3 Bxc3+ 6. Qxc3 d5 7. Bg5 dxc4 {E36: Nimzo-Indian: Classical: 4...d5 5 a3} 8. Qxc4 b6 9. Rd1 Ba6 10. Qa4 Qd7 11. Qc2 {LiveBook: 17 Games} c5 $146 ({Predecessor:} 11... Qc6 12. Qxc6 Nxc6 13. Bxf6 gxf6 14. Nf3 Rfd8 15. e3 {1-0 (42) Zhou,J (2597)-Wang,Y (2699) Huocheng County 2017}) 12. Bxf6 gxf6 13. dxc5 Qc7 14. h4 Nd7 15. Rh3 Nxc5 16. Qc1 (16. Rg3+ $14 Kh8 17. Rc3) 16... Rfd8 $11 17. Rxd8+ Rxd8 18. Rg3+ Kf8 19. Rc3 $1 {Hoping for b4.} Qe5 20. Nf3 Qe4 21. e3 {[#]} (21. Re3 $11 Qd5 22. Rc3) 21... Rd3 $1 $36 {[%cal Rd3c3][%mdl 2048] White must now prevent ...Rxc3. Black is on the roll.} 22. Be2 (22. Nd2 $17 Qxh4 23. b4 Rxd2 24. Qxd2) 22... Rxc3 $19 23. Qxc3 {aiming for Bxa6.} Qb1+ 24. Bd1 Nd3+ 25. Kd2 Nxb2 {[%csl Gb2][%cal Rb1d1] [#]} 26. Bc2 Qa1 27. Bb3 Kg7 (27... Qxa3 $19 {is more deadly. Threatens to win with ...Nd3.} 28. Qxf6 Qa5+ 29. Qc3 Nd3 30. Qxa5 bxa5) 28. Nd4 $17 Bc4 ({Better is} 28... Qxa3 $17 {Strongly threatening ...Nd3.} 29. Qc7 Qb4+ 30. Kc2 Qc5+ 31. Qxc5 bxc5 32. Nxe6+ fxe6 33. Kxb2 Kf7) 29. e4 $11 {The position is equal.} Bxb3 30. Qg3+ Kf8 31. Qb8+ Kg7 {( -> ...Nc4+)} 32. Qg3+ Kf8 33. Qb8+ Kg7 {Precision: White = 49%, Black = 75%.} 1/2-1/2